| 000 | 00758nam a2200217 a 4500 | ||
|---|---|---|---|
| 001 | BRCA_2281 | ||
| 005 | 20190320203737.0 | ||
| 008 | 071005s2003----mx-a---###---#000-0#spa-# | ||
| 041 | _aspa | ||
| 044 | _amx | ||
| 050 | 4 |
_aTR646.M4 _b.F68 2003 |
|
| 245 | 1 | 0 |
_aFotoseptiembre _b10 aniversario : red de la imagen : guía _cdiseño D. G. Lourdes Franco ; edición Valentín Castelán. |
| 260 |
_aMéxico _bCentro de la Imagen : CONACULTA _c2003 |
||
| 300 |
_a201 p. _bil. _c20 cm. |
||
| 650 | 1 | 4 |
_aFotografía _vExposiciones _96834 |
| 650 | 1 | 4 |
_aFotógrafos _vExposiciones - Guías _zMéxico _96835 |
| 650 | 1 | 4 |
_aFotografía artística _vExposiciones - Guías _96836 |
| 700 | 1 |
_aFranco, Lourdes _95401 |
|
| 700 | 1 |
_aCastelán, Valentín _eed. _96837 |
|
| 942 |
_2lcc _cB |
||
| 999 |
_c2027 _d2027 |
||